000 01295nam a22003497a 4500
003 CHAP
005 20220329135337.0
008 971013s1976 r 00010 d
010 _a34745
011 _a35717
035 _a39833
040 _cCHAP
090 _aTesis
100 0 0 _aOlea Ruiz, Miguel Humberto.
_982989
245 _aFactibilidad económica de la parcial o total sustitución de la fertilización fosfatada al suelo por asperciones foliares en frijol (Phaseolus vulgaris L.) en Cadereyta Jiménez, N. L.
260 _aMonterrey, N. L. :
_bEl autor,
_c1976
300 _a58 h.
_b; gráfs.
502 _aTesis (Ing. Agr. Administrador) -- ITESM. División de Ciencias Agropecuarias
590 _aALEPH
_b10
_c20130110
_lUCH01
_h1300
590 _aBATCH-UPD
_b10
_c20130110
_lUCH01
_h2012
590 _aBATCH-UPD
_b10
_c20130410
_lUCH01
_h1331
590 _aBATCH-UPD
_b10
_c20130914
_lUCH01
_h1359
590 _aCONVERSION
_b10
_c20130109
_lUCH01
_h1319
650 1 4 _aFertilización foliar.
_940445
650 1 4 _aFertilizantes fosfatados.
_940592
650 1 4 _aFertilizantes para frijol.
_940620
650 1 4 _aFertilizantes
_xAspectos económicos.
_940451
650 1 4 _aFrijol
_xNuevo León.
_943413
901 _aBK
942 _cTESIS
949 _bBC
_cTES
_d-90816
_eTS1
_i39833
_si
999 _c34745
_d34745